00465nam a2200145 i 450000100060000000300090000600500170001500700030003200800410003524501090007626000300018530000210021571000510023685200320028782920ES-MaACL20230906174743.0t|041112s1980 sp s ||||1| spa d00aCenso industrial de España 1978 b: serie provincial : Jaén / cInstituto Nacional de Estadística. a[Madrid : bs.n., c1980] a79 p. ; c29 cm.2 aInstituto Nacional de Estadística (España) aES-MaACLjG-4318 bR.100408